Générique Le Petit Lord - Paroles - Statistiques

Statistiques générales
  • Ce quiz a été pris 14 fois
  • Le résultat moyen est 25 sur 32
Statistiques - réponses
Paroles % Correct
Ce que sera {demain}
100%
Ne change {pas}
100%
On ne sait {pas}
100%
Un jour s'en {va}
100%
Changer du tout au {tout}
92%
Et la {vie} peut
92%
L'amour est {là}
92%
Le petit {Lord}
92%
Le petit {Lord}
92%
On ne sait {pas}
92%
A la {noblesse}
83%
A la {richesse}
83%
Alors il faut y {croire}
83%
Le petit {Lord}
83%
Le petit {Lord}
83%
Va Cédric {va}
83%
Ce qui {arrive}
75%
Et tout le {monde}
75%
Quel est notre {destin}
75%
Qu'est ce qu'un petit {Lord} ?
75%
Quoiqu'il {advienne}
75%
Un autre {passe}
75%
Alors il faut y {croire}
67%
Il perd l'{espoir}
67%
Mais {parfois}
67%
A la {noblesse}
58%
A la {richesse}
58%
Quand la {chance} pense à vous
58%
En a sa {part}
50%
Mais sans {amour}
50%
Tout s'{arrangera}
50%
Et tu auras la {tienne}
42%
Aucun quiz correspondant
Distribution des résultats
% des personnes avec chaque résultat
Percentile par nombre de réponses
Votre historique - résultats
Vous n’avez pas pris ce quiz